| 000 | 00759cab a2200241 4500 | ||
|---|---|---|---|
| 001 | ABS57645 | ||
| 008 | 090401t1997 xxu||||| |||| 00| 0 eng d | ||
| 035 | _a(Sirsi) u80740 | ||
| 041 | _aeng | ||
| 100 | _aBate, R. | ||
| 245 | _aControls over mineral end uses : a contribution to sustainability | ||
| 260 | _c1997 | ||
| 350 | _a0 | ||
| 490 |
_aMineral Planning _v7(2) September 1997, 5-9(5) |
||
| 520 | _aArgues that controlling the end use of minerals can contribute significantly to a more sustainable pattern of supply. | ||
| 650 | _aEND USE CONTROL | ||
| 650 | _aMINERALS SUPPLY | ||
| 650 | _aMINERALS PLANNING GUIDANCE NOTE ONE | ||
| 650 | _aSUSTAINABLE DEVELOPMENT | ||
| 690 | _aMINING AND MINERALS | ||
| 942 | _n0 | ||
| 948 | _c09/09/1997 | ||
| 999 |
_c50834 _d50834 |
||